Race-to-Nine Word Puzzle #10 - Statistics

General Stats
  • This quiz has been taken 3,901 times
  • The average score is 5 of 7
Answer Stats
# Answer % Correct
3 Net, Ten
100%
4 Rent, Tern
100%
5 Trend
95%
6 Rented, Tender
85%
7 Denture, Retuned, Tenured
50%
8 Ventured
44%
9 Adventure, Unaverted
43%
No matching quizzes found
Score Distribution
Percent of People with Each Score
Percentile by Number Answered
Your Score History
You have not taken this quiz